| Tag |
First Indicator |
Second Indicator |
Subfields |
| LEADER |
00000cam a22000008a 4500 |
| 001 |
in00000073416 |
| 005 |
20151008053457.0 |
| 008 |
810611s1981 vtua 00010 eng |
| 010 |
|
|
|a 81009700
|
| 020 |
|
|
|a 0914378821 :
|c $12.95
|
| 020 |
|
|
|a 091437883X (signed lim. ed.) :
|c $35.00
|
| 035 |
|
|
|a (OCoLC)07577766
|
| 035 |
|
|
|9 AAH7552AM
|
| 039 |
0 |
|
|a 2
|b 3
|c 3
|d 3
|e 3
|
| 040 |
|
|
|a DLC
|c DLC
|d TXA
|d UtOrBLW
|
| 049 |
|
|
|a TXAM
|c [1672039]
|
| 050 |
0 |
0 |
|a PS3562.E8876
|b P5
|
| 082 |
0 |
|
|a 811/.54
|2 19
|
| 100 |
1 |
|
|a Levertov, Denise,
|d 1923-1997.
|
| 245 |
1 |
0 |
|a Pig dreams :
|b scenes from the life of Sylvia /
|c poems by Denise Levertov ; pastels by Liebe Coolidge.
|
| 263 |
|
|
|a 8109
|
| 264 |
|
1 |
|a Woodstock, Vt. :
|b Countryman Press,
|c [1981]
|
| 264 |
|
4 |
|c ©1981
|
| 300 |
|
|
|a 47 pages :
|b illustrations (some color) ;
|c 29 cm.
|
| 336 |
|
|
|a text
|b txt
|2 rdacontent
|
| 337 |
|
|
|a unmediated
|b n
|2 rdamedia
|
| 338 |
|
|
|a volume
|b nc
|2 rdacarrier
|
| 520 |
|
|
|a A collection of seventeen poems about Sylvia, a Vermont-bred pig.
|
| 650 |
|
0 |
|a Swine
|x Poetry.
|
| 650 |
|
1 |
|a Pigs
|x Poetry.
|
| 650 |
|
1 |
|a American poetry.
|
| 700 |
1 |
|
|a Coolidge, Liebe.
|
| 999 |
|
|
|a MARS
|
| 999 |
f |
f |
|s 7486a3ee-a471-3ea7-835b-053c2203f7bf
|i 0f5600ae-fe31-31e4-b5a6-6562f1a43e78
|t 0
|
| 952 |
f |
f |
|p ric
|a Texas A&M University
|b Rellis Campus
|c Joint Library Facility
|d Remote Storage
|t 0
|e PS3562.E8876 P5
|h Library of Congress classification
|i unmediated -- volume
|m A14806192810
|
| 998 |
f |
f |
|a PS3562.E8876 P5
|t 0
|l Remote Storage
|